The Angiosperm Pollen: Structure and Function / (Record no. 7886)
[ view plain ]
| 000 -LEADER | |
|---|---|
| fixed length control field | 00786nam a2200301Ia 4500 |
| 001 - CONTROL NUMBER | |
| control field | 7899 |
| 005 - DATE AND TIME OF LATEST TRANSACTION | |
| control field | 20240113234040.0 |
| 007 - PHYSICAL DESCRIPTION FIXED FIELD--GENERAL INFORMATION | |
| fixed length control field | ta |
| 008 - FIXED-LENGTH DATA ELEMENTS--GENERAL INFORMATION | |
| fixed length control field | 050713s 198 a g b000 u eng u |
| 020 ## - INTERNATIONAL STANDARD BOOK NUMBER | |
| International Standard Book Number | 0-85226-738-X |
| 040 ## - CATALOGING SOURCE | |
| Original cataloging agency | Cotton College,Assam |
| 041 ## - LANGUAGE CODE | |
| Language code of text/sound track or separate title | eng |
| 082 ## - DEWEY DECIMAL CLASSIFICATION NUMBER | |
| Classification number | 583 |
| Item number | Sh 61 An |
| 100 ## - MAIN ENTRY--PERSONAL NAME | |
| Personal name | Shivanna, K.R. . |
| 245 #0 - TITLE STATEMENT | |
| Title | The Angiosperm Pollen: Structure and Function / |
| Statement of responsibility, etc. | K.R. Shivanna & B.M. Johri. |
| Medium | Textual Documents |
| 260 ## - PUBLICATION, DISTRIBUTION, ETC. | |
| Place of publication, distribution, etc. | New Delhi : |
| Name of publisher, distributor, etc. | Wiley Eastern , |
| Date of publication, distribution, etc. | C 1985. |
| 300 ## - PHYSICAL DESCRIPTION | |
| Extent | xv, 374p. : |
| Other physical details | ill ; |
| Dimensions | 23cm. . |
| 504 ## - BIBLIOGRAPHY, ETC. NOTE | |
| Bibliography, etc. note | Index |
| 653 ## - INDEX TERM--UNCONTROLLED | |
| Uncontrolled term | Botany |
| 653 ## - INDEX TERM--UNCONTROLLED | |
| Uncontrolled term | Angiosperm Pollen |
| 653 ## - INDEX TERM--UNCONTROLLED | |
| Uncontrolled term | G-Botany |
| 942 ## - ADDED ENTRY ELEMENTS (KOHA) | |
| Source of classification or shelving scheme | Dewey Decimal Classification |
| Koha item type | Books |
| Withdrawn status | Lost status | Damaged status | Not for loan | Collection | Home library | Current library | Date acquired | Coded location qualifier | Total checkouts | Full call number | Barcode | Date last seen | Copy number | Price effective from | Koha item type | Date last checked out | Total renewals |
|---|---|---|---|---|---|---|---|---|---|---|---|---|---|---|---|---|---|
| Dr. Suryya Kumar Bhuyan Library | Dr. Suryya Kumar Bhuyan Library | 01/02/2012 | 00000 | 583 Sh 61 An | 85509 | 13/01/2024 | 3 | 01/02/2012 | Books | ||||||||
| Dr. Suryya Kumar Bhuyan Library | Dr. Suryya Kumar Bhuyan Library | 01/02/2012 | 00000 | 583 Sh 61 An | 084/Bot | 13/01/2024 | 2 | 01/02/2012 | Books | ||||||||
| Dr. Suryya Kumar Bhuyan Library | Dr. Suryya Kumar Bhuyan Library | 01/02/2012 | 00000 | 1 | 583 Sh 61 An | 145/Bot | 06/04/2026 | 1 | 01/02/2012 | Books | 12/03/2026 | ||||||
| Dr. Suryya Kumar Bhuyan Library | Dr. Suryya Kumar Bhuyan Library | 01/02/2012 | 00000 | 1 | 583 Sh 61 An | 331/Bot | 02/06/2025 | 4 | 01/02/2012 | Books | 28/01/2025 | 1 |
